[Event "12. Friedrichrodaer Open"]
[Site "Friedrichroda"]
[Date "2008.08.09"]
[Round "6.24"]
[White "Einax, Silvester"]
[Black "Töpfer, Lisette"]
[Result "1-0"]
[WhiteElo "832"]
[BlackElo "848"]
[PlyCount "73"]
[EventDate "2008.08.??"]
[EventType "swiss"]
[EventRounds "7"]
[WhiteTeam "TSG Apolda"]
[BlackTeam "ZSG Grün-Weiß Waltershausen"]

1. e4 e5 2. Nf3 d6 3. Bc4 Qe7 4. d3 b6 5. Nc3 Bb7 6. Nd5 Qd7 7. Bb5 Nc6 8. O-O
O-O-O 9. c3 Nge7 10. Qa4 Qe6 11. Bg5 f6 12. Be3 Nxd5 13. Bxc6 a6 14. exd5 b5
15. Qb3 Qf7 16. c4 Bxc6 17. dxc6 Re8 18. Qa3 Kd8 19. Qxa6 bxc4 20. dxc4 f5 21.
Bg5+ Qf6 22. Bxf6+ gxf6 23. Nh4 Ke7 24. Qb7 Kf7 25. Nxf5 Kg6 26. g4 h5 27. f3
Bh6 28. Qb3 Rb8 29. gxh5+ Kxf5 30. Qd3+ Ke6 31. Qd5+ Ke7 32. f4 Bxf4 33. Rxf4
exf4 34. Re1+ Kf8 35. Qe6 Rh7 36. Qxf6+ Rf7 37. Qh8# 1-0

[Event "12. Friedrichrodaer Open"]
[Site "Friedrichroda"]
[Date "2008.08.09"]
[Round "7.1"]
[White "Gutman, Lev"]
[Black "Natsidis, Christoph"]
[Result "1/2-1/2"]
[WhiteElo "2497"]
[BlackElo "2309"]
[PlyCount "80"]
[EventDate "2008.08.??"]
[EventType "swiss"]
[EventRounds "7"]
[WhiteTeam "SC Melle 03"]
[BlackTeam "SC Leipzig-Gohlis"]

1. Nf3 c5 2. g3 Nf6 3. Bg2 Nc6 4. d4 cxd4 5. Nxd4 e5 6. Nxc6 dxc6 7. Qxd8+ Kxd8
8. Nd2 Kc7 9. Nc4 Ng4 10. h3 Be6 11. hxg4 Bxc4 12. Bd2 f6 13. g5 fxg5 14. Bxg5
Bc5 15. Bd2 Bd4 16. Bc1 Bc5 17. Rh4 Bd5 18. Bxd5 cxd5 19. c4 Raf8 20. f3 e4 21.
cxd5 exf3 22. Bf4+ Bd6 23. e4 g5 24. Bxd6+ Kxd6 25. Rh6+ Kd7 26. Kf2 g4 27.
Rah1 Rc8 28. Rxh7+ Rxh7 29. Rxh7+ Kd6 30. Rxb7 Rc1 31. Rg7 Rc2+ 32. Ke3 Re2+
33. Kd3 Re1 34. Rf7 Rg1 35. b4 Rd1+ 36. Kc3 Rc1+ 37. Kd2 Rg1 38. Kd3 Rd1+ 39.
Kc2 Rg1 40. Rf6+ Ke5 1/2-1/2

[Event "12. Friedrichrodaer Open"]
[Site "Friedrichroda"]
[Date "2008.08.09"]
[Round "7.2"]
[White "Langheinrich, Ferenc"]
[Black "Haase, Reinhard"]
[Result "1-0"]
[WhiteElo "2412"]
[BlackElo "2136"]
[PlyCount "65"]
[EventDate "2008.08.??"]
[EventType "swiss"]
[EventRounds "7"]
[WhiteTeam "SV Empor Erfurt"]
[BlackTeam "SC Fulda"]

1. e4 d5 2. exd5 Nf6 3. c4 c6 4. d4 cxd5 5. Nc3 e6 6. Nf3 Be7 7. Bd3 dxc4 8.
Bxc4 O-O 9. O-O Bd7 10. Re1 Bc6 11. Ne5 Bd5 12. Nxd5 Nxd5 13. Qb3 Nc6 14. Bxd5
Nxd4 15. Qxb7 Qxd5 16. Qxe7 Nc2 17. Bf4 Nxa1 18. Rxa1 Qd4 19. Bg3 Qxb2 20. Rf1
Qxa2 21. Nd7 Rfd8 22. Bc7 Rdc8 23. Be5 Qd2 24. Nf6+ Kh8 25. Qxf7 Rc1 26. g3
Rxf1+ 27. Kxf1 Qd3+ 28. Kg2 Qf5 29. Qb7 Rf8 30. Qe7 Rc8 31. Ne8 Qe4+ 32. Kh3
Qf5+ 33. g4 1-0

[Event "12. Friedrichrodaer Open"]
[Site "Friedrichroda"]
[Date "2008.08.09"]
[Round "7.3"]
[White "Hansch, Torsten"]
[Black "Willems, Matthias"]
[Result "1-0"]
[WhiteElo "2226"]
[BlackElo "2032"]
[PlyCount "77"]
[EventDate "2008.08.??"]
[EventType "swiss"]
[EventRounds "7"]
[WhiteTeam "Stendaler Schachklub e.V."]
[BlackTeam "SC Bad Nauheim"]

1. d4 d6 2. Nf3 Nf6 3. c4 c6 4. Nc3 Nbd7 5. e4 e5 6. Be2 Be7 7. O-O O-O 8. h3
a6 9. a4 exd4 10. Nxd4 Nc5 11. Bf3 a5 12. Qc2 Re8 13. b3 Qb6 14. Be3 Bf8 15.
Rad1 g6 16. Rd2 Bd7 17. Bg5 Be7 18. Bf4 Rad8 19. Re1 Bc8 20. Nce2 Nfd7 21. Ng3
Ne5 22. Bd1 h5 23. Be3 Ned7 24. Nf3 h4 25. Nf1 Nf6 26. Nxh4 Nfxe4 27. Bxc5 Nxc5
28. Nxg6 Bg5 29. Rde2 Rxe2 30. Rxe2 Kg7 31. Ne7 Bxe7 32. Rxe7 Be6 33. Qc3+ Kf8
34. Qf6 Ne4 35. Rxb7 Qxb7 36. Qxd8+ Kg7 37. Qxa5 Nc5 38. Ne3 Nxb3 39. Qc3+ 1-0

[Event "12. Friedrichrodaer Open"]
[Site "Friedrichroda"]
[Date "2008.08.09"]
[Round "7.4"]
[White "Horatschek, Stefan"]
[Black "Wahlicht, Mike"]
[Result "1/2-1/2"]
[WhiteElo "2061"]
[BlackElo "2002"]
[PlyCount "118"]
[EventDate "2008.08.??"]
[EventType "swiss"]
[EventRounds "7"]
[WhiteTeam "SV Jenapharm Jena"]
[BlackTeam "SV Empor Erfurt"]

1. Nf3 Nf6 2. c4 e6 3. g3 d5 4. Bg2 Be7 5. d4 dxc4 6. O-O O-O 7. Ne5 c5 8. dxc5
Qxd1 9. Rxd1 Bxc5 10. Nc3 a6 11. Na4 Ba7 12. Nxc4 Nbd7 13. Nd6 Rb8 14. b3 b5
15. Nc3 b4 16. Nce4 Nxe4 17. Bxe4 Nf6 18. Bf3 Nd5 19. Bxd5 exd5 20. Nxc8 Rfxc8
21. Bf4 Rb5 22. Rac1 Rxc1 23. Rxc1 Rc5 24. Rd1 Rb5 25. Bd6 f6 26. Rc1 Bb6 27.
Kg2 Kf7 28. Kf3 Ke6 29. Bf8 g6 30. Rc6+ Kf7 31. Bd6 h5 32. Bc7 Ba5 33. Bf4 Bb6
34. Bc1 a5 35. Bb2 Bd8 36. Bd4 Be7 37. Rb6 Rxb6 38. Bxb6 Ke6 39. Bxa5 Kd7 40.
Bb6 Bd6 41. Bd4 Ke6 42. h3 Be5 43. Bc5 Bd6 44. Bb6 Ke5 45. Ke3 g5 46. Kd3 g4
47. hxg4 hxg4 48. Be3 Be7 49. Bf4+ Ke6 50. e4 Bc5 51. Be3 dxe4+ 52. Kxe4 f5+
53. Kd3 Bxe3 54. Kxe3 Ke5 55. f3 gxf3 56. Kxf3 Kd5 57. Kf4 Ke6 58. Kg5 Ke5 59.
Kg6 Ke6 1/2-1/2

[Event "12. Friedrichrodaer Open"]
[Site "Friedrichroda"]
[Date "2008.08.09"]
[Round "7.5"]
[White "Seifart, Mario"]
[Black "Zimmer, Frank"]
[Result "1/2-1/2"]
[WhiteElo "1992"]
[BlackElo "1796"]
[PlyCount "32"]
[EventDate "2008.08.??"]
[EventType "swiss"]
[EventRounds "7"]
[WhiteTeam "SC Tempo Göttingen"]
[BlackTeam "SK Nürnberg 1911 - Grundig e.V."]

1. d4 f5 2. Bg5 g6 3. h4 Bg7 4. e3 d6 5. Nf3 Nc6 6. Nc3 Bd7 7. Qd2 h6 8. Bf4 e5
9. dxe5 dxe5 10. Bg3 e4 11. Nd4 Nf6 12. O-O-O Ng4 13. Nd5 Nge5 14. Nf4 Qf6 15.
Nd5 Qd8 16. Nf4 Qf6 1/2-1/2

[Event "12. Friedrichrodaer Open"]
[Site "Friedrichroda"]
[Date "2008.08.09"]
[Round "7.6"]
[White "Rößner, Uwe"]
[Black "Stümer, Paul"]
[Result "1-0"]
[WhiteElo "1939"]
[BlackElo "2170"]
[PlyCount "129"]
[EventDate "2008.08.??"]
[EventType "swiss"]
[EventRounds "7"]
[WhiteTeam "ESV Lok Meiningen"]
[BlackTeam "Schachverein Bergneustadt/Dersch"]

1. g3 c5 2. c4 g6 3. Bg2 Bg7 4. Nf3 Nc6 5. Nc3 e5 6. d3 Nge7 7. Nd2 O-O 8. O-O
d6 9. Rb1 Rb8 10. a3 a5 11. Qa4 Be6 12. Nb5 f5 13. Nf3 h6 14. Bd2 g5 15. b4
axb4 16. axb4 Ng6 17. bxc5 dxc5 18. Be3 Nd4 19. Bxd4 cxd4 20. Qc2 g4 21. Nd2
Qd7 22. Rb3 Rfc8 23. Rfb1 Bf8 24. Qd1 h5 25. R1b2 h4 26. Qb1 h3 27. Bh1 Bc5 28.
Na3 b6 29. Nb5 e4 30. Nxe4 fxe4 31. Bxe4 Qg7 32. Ra2 Rf8 33. Ra7 Qf6 34. f4
gxf3 35. exf3 Ne5 36. f4 Nxc4 37. dxc4 d3+ 38. Kh1 Bxc4 39. Rxd3 Rfd8 40. Rdd7
Rxd7 41. Rxd7 Rd8 42. Rxd8+ Qxd8 43. Bf3 Qf6 44. Nc7 Qd6 45. Na6 Bd5 46. Qd1
Bd4 47. Nc7 Bc6 48. Nb5 Bxb5 49. Qb3+ Kg7 50. Qxb5 Qf6 51. Qd7+ Kf8 52. Qxh3
Bc5 53. Qc8+ Kg7 54. Qd7+ Kf8 55. Bd5 Qa1+ 56. Kg2 Qg1+ 57. Kh3 Qf1+ 58. Bg2
Qb1 59. Qd8+ Kg7 60. Qg5+ Kf8 61. Qf6+ Kg8 62. Bd5+ Kh7 63. Qf7+ Kh6 64. f5
Qf1+ 65. Bg2 1-0

[Event "12. Friedrichrodaer Open"]
[Site "Friedrichroda"]
[Date "2008.08.09"]
[Round "7.7"]
[White "Stadtmueller, Harald"]
[Black "Wüst, Michael"]
[Result "1/2-1/2"]
[WhiteElo "2192"]
[BlackElo "2041"]
[PlyCount "31"]
[EventDate "2008.08.??"]
[EventType "swiss"]
[EventRounds "7"]
[WhiteTeam "VSG 1880 Offenbach"]
[BlackTeam "PTSV SK Hof 1892"]

1. d4 Nf6 2. Nf3 d5 3. Bf4 e6 4. e3 Be7 5. h3 O-O 6. Nbd2 c5 7. c3 b6 8. Bd3
Bb7 9. Qe2 Nbd7 10. g4 Ne4 11. h4 c4 12. Bc2 b5 13. g5 b4 14. Nxe4 dxe4 15. Nd2
bxc3 16. bxc3 1/2-1/2

[Event "12. Friedrichrodaer Open"]
[Site "Friedrichroda"]
[Date "2008.08.09"]
[Round "7.9"]
[White "Vredenborg, Carel"]
[Black "Bauer, Andreas"]
[Result "0-1"]
[WhiteElo "2010"]
[BlackElo "1986"]
[PlyCount "77"]
[EventDate "2008.08.??"]
[EventType "swiss"]
[EventRounds "7"]
[WhiteTeam "Charleroi Rotterdam"]
[BlackTeam "SC Emmendingen 1937 e.V."]

1. e4 c5 2. Nf3 Nc6 3. Bb5 Na5 4. d4 a6 5. Be2 cxd4 6. Nxd4 e5 7. Nf3 d6 8. O-O
Nf6 9. Nc3 Be7 10. a4 Be6 11. Ng5 Rc8 12. Nxe6 fxe6 13. Bg4 Qd7 14. Nd5 Bd8 15.
Bh3 O-O 16. f4 Nxe4 17. Qg4 Rxc2 18. b4 Nb3 19. Rb1 Nd4 20. Be3 Ne2+ 21. Kh1
Nxf4 22. Nxf4 exf4 23. Qxe6+ Qxe6 24. Bxe6+ Kh8 25. Rxf4 Rxf4 26. Bxf4 Nf2+ 27.
Kg1 Bb6 28. Bxd6 Ne4+ 29. Bc5 Bxc5+ 30. bxc5 Nxc5 31. Bc8 h6 32. Bxb7 Nxb7 33.
Rxb7 Rc4 34. Ra7 Rxa4 35. Kf2 Ra2+ 36. Kf3 Kh7 37. h4 Kg6 38. Kg3 a5 39. Kh3
0-1

[Event "12. Friedrichrodaer Open"]
[Site "Friedrichroda"]
[Date "2008.08.09"]
[Round "7.10"]
[White "von Bassewitz, Ingo"]
[Black "Richter, Jan"]
[Result "1/2-1/2"]
[WhiteElo "1678"]
[BlackElo "2068"]
[PlyCount "82"]
[EventDate "2008.08.??"]
[EventType "swiss"]
[EventRounds "7"]
[WhiteTeam "TuS 1860 Magdeburg"]
[BlackTeam "SV Schott Jena"]

1. Nf3 Nf6 2. g3 g6 3. Bg2 Bg7 4. O-O O-O 5. c4 d6 6. Nc3 e5 7. d3 Nc6 8. a3 a5
9. Rb1 h6 10. Bd2 Bg4 11. Ne1 Qd7 12. f3 Bh3 13. b4 axb4 14. axb4 Bxg2 15. Kxg2
Nh5 16. Qc1 Kh7 17. b5 Nd4 18. e3 Ne6 19. f4 Nc5 20. Qc2 f5 21. Nf3 Rfe8 22.
Nd5 Nf6 23. Nxf6+ Bxf6 24. Bc3 Na4 25. Ba1 Nc5 26. Nd2 Qf7 27. fxe5 dxe5 28. e4
fxe4 29. Nxe4 Nxe4 30. dxe4 Qe6 31. Qf2 Rf8 32. Qc5 Rf7 33. Qd5 Qxd5 34. cxd5
Kg8 35. b6 Ra2+ 36. Kh3 Rc2 37. bxc7 Rcxc7 38. Rb6 Bg7 39. Rxf7 Kxf7 40. Kg4
Bf6 41. Re6 Re7 1/2-1/2

[Event "12. Friedrichrodaer Open"]
[Site "Friedrichroda"]
[Date "2008.08.09"]
[Round "7.11"]
[White "Hilbenz, Guntram"]
[Black "Neumann, Karsten"]
[Result "1/2-1/2"]
[WhiteElo "2013"]
[BlackElo "1690"]
[PlyCount "34"]
[EventDate "2008.08.??"]
[EventType "swiss"]
[EventRounds "7"]
[WhiteTeam "SC Bad Nauheim"]
[BlackTeam "TSG Neuruppin"]

1. Nf3 d5 2. c4 e6 3. g3 Nf6 4. Bg2 Be7 5. O-O O-O 6. b3 dxc4 7. bxc4 Nbd7 8.
Bb2 c6 9. e3 Rb8 10. a4 Qc7 11. Nc3 Rd8 12. d4 b6 13. Qc2 Ba6 14. Nd2 Bb7 15.
Rfd1 Rbc8 16. Rac1 a6 17. e4 e5 1/2-1/2

[Event "12. Friedrichrodaer Open"]
[Site "Friedrichroda"]
[Date "2008.08.09"]
[Round "7.12"]
[White "Schulze, Frank"]
[Black "Bohatschek, Daniel"]
[Result "1-0"]
[WhiteElo "1599"]
[BlackElo "1955"]
[PlyCount "85"]
[EventDate "2008.08.??"]
[EventType "swiss"]
[EventRounds "7"]
[WhiteTeam "SG Grün-Weiß Dresden"]
[BlackTeam "ZSG Grün-Weiß Waltershausen"]

1. e4 c5 2. Nc3 e6 3. f4 Ne7 4. Nf3 a6 5. d3 Nbc6 6. Be3 b6 7. g3 d5 8. exd5
exd5 9. Bf2 g6 10. Bg2 Bg7 11. O-O O-O 12. Qd2 Bb7 13. Rfe1 Qc7 14. Re2 Rfd8
15. Rae1 Rd7 16. Bh3 Nf5 17. Bxf5 gxf5 18. Re8+ Rxe8 19. Rxe8+ Bf8 20. Ne5 Rd6
21. g4 d4 22. gxf5 Nxe5 23. fxe5 Qc6 24. Rxf8+ Kxf8 25. Ne4 Rd8 26. Bh4 Re8 27.
Bf6 Re7 28. Qh6+ Ke8 29. Qxh7 c4 30. Nd6+ Kd7 31. Nxb7 Qxb7 32. e6+ Kd6 33.
Bxe7+ Qxe7 34. Qg7 Kd5 35. dxc4+ Kxc4 36. c3 dxc3 37. Qxc3+ Kb5 38. Qb3+ Kc6
39. Qc4+ Kb7 40. Qd5+ Kc7 41. f6 Qxf6 42. Qd7+ Kb8 43. Qe8+ 1-0

[Event "12. Friedrichrodaer Open"]
[Site "Friedrichroda"]
[Date "2008.08.09"]
[Round "7.13"]
[White "Plötz, Hans-Jürgen"]
[Black "Heß, Jürgen"]
[Result "0-1"]
[WhiteElo "1631"]
[BlackElo "2034"]
[PlyCount "42"]
[EventDate "2008.08.??"]
[EventType "swiss"]
[EventRounds "7"]
[WhiteTeam "SC Bad Nauheim"]
[BlackTeam "ESV Lok Sömmerda"]

1. d4 Nf6 2. Nf3 d5 3. Bf4 e6 4. e3 c5 5. c4 Nc6 6. Nc3 cxd4 7. Nxd4 Bb4 8.
Nxc6 bxc6 9. Qb3 Bd6 10. Bxd6 Qxd6 11. Be2 Rb8 12. Qc2 Qb4 13. Rb1 Ba6 14. a3
Qb3 15. Qxb3 Rxb3 16. cxd5 Bxe2 17. Nxe2 cxd5 18. Nd4 Rb6 19. O-O Kd7 20. b4
Ne4 21. Rfd1 Nc3 0-1

[Event "12. Friedrichrodaer Open"]
[Site "Friedrichroda"]
[Date "2008.08.09"]
[Round "7.14"]
[White "Burkhardt, Kai"]
[Black "Geisler, Reinhard"]
[Result "0-1"]
[WhiteElo "1172"]
[BlackElo "2042"]
[PlyCount "136"]
[EventDate "2008.08.??"]
[EventType "swiss"]
[EventRounds "7"]
[WhiteTeam "ZSG Grün-Weiß Waltershausen"]
[BlackTeam "Schachklub Werther 1949 e.V."]

1. e4 c5 2. d4 cxd4 3. c3 Nf6 4. e5 Nd5 5. cxd4 Nc6 6. Bc4 Nb6 7. Bb3 d5 8.
exd6 Qxd6 9. Nf3 Be6 10. Be3 Bxb3 11. Qxb3 Qb4+ 12. Nbd2 e6 13. O-O Be7 14.
Qxb4 Nxb4 15. Ne1 O-O 16. a3 Nc6 17. b4 a6 18. Nef3 Rfd8 19. Nb3 Nc4 20. Rfc1
b5 21. Nfd2 Nxd2 22. Nxd2 Nxd4 23. Bxd4 Rxd4 24. Nf3 Rd5 25. Rd1 Rad8 26. Rxd5
Rxd5 27. Kf1 Kf8 28. Ke2 Ke8 29. Rd1 Bf6 30. Rxd5 exd5 31. Nd2 Bb2 32. Nb1 Kd7
33. Kd3 Kd6 34. f4 h5 35. g3 Ke6 36. h3 f6 37. Kc2 Bd4 38. Nd2 Bf2 39. Nf1 Kf5
40. Kd3 h4 41. gxh4 Kxf4 42. h5 f5 43. Kd2 Kg5 44. Ke2 Bd4 45. Nd2 Bb2 46. Nb1
Kxh5 47. Kf3 g5 48. Kg3 f4+ 49. Kf3 Kh4 50. Kg2 d4 51. Kf2 Kxh3 52. Kg1 Kg3 53.
Kf1 d3 54. Nd2 Bxa3 55. Ne4+ Kg4 56. Nf2+ Kf5 57. Nxd3 g4 58. Nf2 Bxb4 59. Nd3
Bd6 60. Nxf4 Kxf4 61. Kf2 Bc5+ 62. Kg2 b4 63. Kf1 g3 64. Kg2 b3 65. Kf1 Kf3 66.
Ke1 Bb4+ 67. Kd1 Bc3 68. Kc1 g2 0-1

[Event "12. Friedrichrodaer Open"]
[Site "Friedrichroda"]
[Date "2008.08.09"]
[Round "7.15"]
[White "Michalowski, Peter"]
[Black "Jäkel, Matthias"]
[Result "0-1"]
[WhiteElo "2038"]
[BlackElo "1467"]
[PlyCount "58"]
[EventDate "2008.08.??"]
[EventType "swiss"]
[EventRounds "7"]
[WhiteTeam "SV Empor Erfurt"]
[BlackTeam "TSG Neuruppin"]

1. e4 c5 2. Nf3 e6 3. d3 Qc7 4. g3 a6 5. Bg2 b5 6. O-O Bb7 7. Re1 d6 8. c3 Nd7
9. d4 cxd4 10. cxd4 Be7 11. a3 Rc8 12. Nc3 Ngf6 13. d5 e5 14. Nh4 O-O 15. Nf5
Nb6 16. h4 Rfd8 17. Nxe7+ Qxe7 18. g4 Ne8 19. g5 g6 20. Re3 Rc7 21. Bh3 Bc8 22.
b3 Ng7 23. Na2 Bxh3 24. Rxh3 a5 25. Qd3 Qd7 26. Bd2 a4 27. Ba5 Rb7 28. Nb4 Nh5
29. Qd1 Qxh3 0-1

[Event "12. Friedrichrodaer Open"]
[Site "Friedrichroda"]
[Date "2008.08.09"]
[Round "7.16"]
[White "Hillgaertner, Walter"]
[Black "Maslowski, Kai"]
[Result "1/2-1/2"]
[WhiteElo "1999"]
[BlackElo "1433"]
[PlyCount "63"]
[EventDate "2008.08.??"]
[EventType "swiss"]
[EventRounds "7"]
[WhiteTeam "SC Bad Nauheim"]
[BlackTeam "TSG Neuruppin"]

1. d4 Nf6 2. Nf3 g6 3. Bf4 d5 4. e3 Bg7 5. Be2 O-O 6. c3 Bf5 7. Qb3 b6 8. Nbd2
Nbd7 9. Ne5 Nxe5 10. Bxe5 Ne4 11. Nf3 c5 12. Bxg7 Kxg7 13. O-O Bg4 14. Qd1 Bxf3
15. Bxf3 Nf6 16. Qe2 a5 17. Rad1 c4 18. Rfe1 e6 19. e4 Re8 20. Qd2 Re7 21. exd5
exd5 22. Re5 Qd6 23. Rde1 Rae8 24. Qe3 Re6 25. g3 a4 26. a3 b5 27. Rxe6 Qxe6
28. Qxe6 Rxe6 29. Rxe6 fxe6 30. Kf1 Ne8 31. Ke2 Kf6 32. Ke3 1/2-1/2

[Event "12. Friedrichrodaer Open"]
[Site "Friedrichroda"]
[Date "2008.08.09"]
[Round "7.17"]
[White "Kirves, Bernd"]
[Black "Jörges, Frank"]
[Result "0-1"]
[WhiteElo "1236"]
[BlackElo "2018"]
[PlyCount "52"]
[EventDate "2008.08.??"]
[EventType "swiss"]
[EventRounds "7"]
[WhiteTeam "ZSG Grün-Weiß Waltershausen"]
[BlackTeam "ESV Lok Meiningen"]

1. c4 e6 2. Nf3 Nf6 3. Nc3 d5 4. d4 c6 5. e3 Nbd7 6. a3 a5 7. Be2 Bd6 8. c5 Bc7
9. O-O O-O 10. Qc2 e5 11. dxe5 Nxe5 12. Nxe5 Bxe5 13. Na4 Qc7 14. f4 Ne4 15.
fxe5 Be6 16. Bf3 Qxe5 17. Bxe4 dxe4 18. Bd2 Qg5 19. Qxe4 Bd5 20. Rf5 Qg6 21.
Qxd5 cxd5 22. Rxd5 Rad8 23. Nb6 Rxd5 24. Bxa5 Rxc5 25. Bb4 Qxb6 26. Re1 Rc2 0-1

[Event "12. Friedrichrodaer Open"]
[Site "Friedrichroda"]
[Date "2008.08.09"]
[Round "7.19"]
[White "Winter, Katharina"]
[Black "Künne, Lutz Dieter"]
[Result "1-0"]
[WhiteElo "1486"]
[BlackElo "1593"]
[PlyCount "107"]
[EventDate "2008.08.??"]
[EventType "swiss"]
[EventRounds "7"]
[WhiteTeam "SV Lok Engelsdorf"]
[BlackTeam "Kings Club 98 Jena"]

1. e4 c5 2. Nc3 e6 3. g3 Nc6 4. Bg2 g6 5. f4 d6 6. Nf3 Bg7 7. d3 Nge7 8. O-O
O-O 9. Rb1 Rb8 10. Be3 b6 11. Ne2 Bb7 12. g4 f5 13. Ng5 Bc8 14. Ng3 h6 15. Nh3
fxg4 16. Qxg4 e5 17. Qd1 exf4 18. Nxf4 Ne5 19. h3 Rf6 20. Qd2 Kh7 21. Nd5 Rxf1+
22. Rxf1 Be6 23. Nf6+ Bxf6 24. Rxf6 Qg8 25. Bxh6 Nd7 26. Rf1 Ne5 27. Qg5 Re8
28. Qd2 Nf7 29. Bf4 Qg7 30. b3 Ne5 31. Ne2 Rf8 32. Qe1 g5 33. Bxe5 Rxf1+ 34.
Bxf1 Qxe5 35. Qg3 Qxg3+ 36. Nxg3 Kg6 37. Kf2 Nc6 38. c3 b5 39. Bg2 Ne5 40. Ke3
a6 41. Ne2 Nf7 42. d4 Kf6 43. Ng1 Nh6 44. Nf3 Nf7 45. Nh2 Nh6 46. e5+ dxe5 47.
dxc5 Nf5+ 48. Kd3 Ng3 49. Ng4+ Kf5 50. Bb7 a5 51. Ba6 e4+ 52. Ke3 Nf1+ 53. Kf2
Nd2 54. c6 1-0

[Event "12. Friedrichrodaer Open"]
[Site "Friedrichroda"]
[Date "2008.08.09"]
[Round "7.20"]
[White "Hansch, Stephan"]
[Black "Scholz, Bodo"]
[Result "1-0"]
[WhiteElo "1555"]
[BlackElo "1383"]
[PlyCount "37"]
[EventDate "2008.08.??"]
[EventType "swiss"]
[EventRounds "7"]
[WhiteTeam "Stendaler Schachklub e.V."]
[BlackTeam "SG Schweina 1949"]

1. d4 d5 2. Nf3 Nf6 3. e3 e6 4. Bd3 c5 5. b3 Nc6 6. O-O Bd6 7. Nbd2 O-O 8. Bb2
Ng4 9. h3 Nf6 10. a3 Qc7 11. dxc5 Bxc5 12. b4 Be7 13. b5 Nb8 14. Be5 Bd6 15.
Bxf6 gxf6 16. Nh4 e5 17. Nf5 e4 18. Qg4+ Kh8 19. Qg7# 1-0

[Event "12. Friedrichrodaer Open"]
[Site "Friedrichroda"]
[Date "2008.08.09"]
[Round "7.22"]
[White "Urban, Thomas"]
[Black "Maczollek, Helmut"]
[Result "1-0"]
[WhiteElo "1222"]
[BlackElo "1719"]
[PlyCount "164"]
[EventDate "2008.08.??"]
[EventType "swiss"]
[EventRounds "7"]
[WhiteTeam "TSG Apolda"]
[BlackTeam "Schachklub Turm Lage 1926"]

1. e4 c6 2. d4 d5 3. Bd3 dxe4 4. Bxe4 Nf6 5. f3 e6 6. Be3 Be7 7. Ne2 Nbd7 8.
Nd2 Nb6 9. O-O O-O 10. c4 Qc7 11. Bf4 Bd6 12. Bxd6 Qxd6 13. c5 Qd8 14. cxb6
Qxb6 15. Nc4 Qc7 16. Qc2 b5 17. Ne5 Nxe4 18. fxe4 Bb7 19. Qc5 f6 20. Nf3 Ba6
21. b4 Bb7 22. Rad1 a5 23. a3 axb4 24. axb4 Ra2 25. Rd2 Raa8 26. e5 Rad8 27.
exf6 Rd5 28. Qe7 Qxe7 29. fxe7 Re8 30. Nf4 Rd6 31. Ne5 Rxe7 32. Nh5 Rd8 33. h4
Ra8 34. Rf4 Ra1+ 35. Kh2 Ra4 36. Nd3 Ra8 37. Nc5 Rd8 38. Re2 Rd5 39. Re5 Bc8
40. Rfe4 Rxe5 41. dxe5 Kf7 42. Rd4 Kg6 43. g4 Kf7 44. Nf4 h6 45. Rd6 g5 46.
hxg5 hxg5 47. Nh5 Re8 48. Rxc6 Ke7 49. Ng7 Rh8+ 50. Kg3 Rd8 51. Ngxe6 Bxe6 52.
Rxe6+ Kf7 53. Rf6+ Ke7 54. Rf5 Rd4 55. Na6 Rd3+ 56. Rf3 Rd5 57. Kf2 Rd4 58. Kg3
Ke6 59. Rf5 Rd3+ 60. Kf2 Ra3 61. Nc7+ Kd7 62. Nxb5 Rb3 63. Rxg5 Rxb4 64. Nd6
Ke6 65. Ke3 Rb3+ 66. Kf4 Rb4+ 67. Ne4 Kd5 68. e6+ Kxe6 69. Re5+ Kf7 70. Kf5 Rb6
71. g5 Ra6 72. Nc5 Rc6 73. Nd3 Rd6 74. Nf4 Kg7 75. g6 Rf6+ 76. Kg5 Ra6 77. Re7+
Kf8 78. Re6 Ra5+ 79. Kf6 Ra7 80. Nh5 Ra8 81. g7+ Kg8 82. Kg6 Rf8 1-0

[Event "12. Friedrichrodaer Open"]
[Site "Friedrichroda"]
[Date "2008.08.09"]
[Round "7.23"]
[White "Losch, Marika"]
[Black "Einax, Silvester"]
[Result "1-0"]
[WhiteElo "1276"]
[BlackElo "832"]
[PlyCount "53"]
[EventDate "2008.08.??"]
[EventType "swiss"]
[EventRounds "7"]
[WhiteTeam "vereinslos"]
[BlackTeam "TSG Apolda"]

1. Nc3 b6 2. Nf3 Bb7 3. d4 d6 4. e4 Nd7 5. Bc4 g6 6. Ng5 Bg7 7. Bxf7+ Kf8 8.
Ne6+ Kxf7 9. Nxd8+ Rxd8 10. Qf3+ Ngf6 11. O-O Rdf8 12. Qd3 Ke8 13. Bd2 Nb8 14.
Nb5 Ba6 15. Nxc7+ Kd8 16. Nxa6 Nxa6 17. Qxa6 Nxe4 18. Be3 Ke8 19. Qxa7 Kf7 20.
Qb7 Nf6 21. Rfe1 Rb8 22. Qf3 Rbf8 23. Bg5 Ke8 24. Qa8+ Kd7 25. Qb7+ Kd8 26.
Rxe7 b5 27. Qc7# 1-0

[Event "12. Friedrichrodaer Open"]
[Site "Friedrichroda"]
[Date "2008.08.09"]
[Round "7.24"]
[White "Schirrmeister, Laura"]
[Black "Halle, Julia"]
[Result "0-1"]
[WhiteElo "823"]
[BlackElo "900"]
[PlyCount "126"]
[EventDate "2008.08.??"]
[EventType "swiss"]
[EventRounds "7"]
[WhiteTeam "SG Burgtonna"]
[BlackTeam "SG Burgtonna"]

1. e4 d6 2. Nf3 g6 3. d4 Bg7 4. Bg5 Nd7 5. Nc3 Ngf6 6. Qd2 O-O 7. Bc4 b6 8.
O-O-O Bb7 9. Bh6 c5 10. Nh4 Bxe4 11. Rhe1 Bb7 12. h3 Nh5 13. g4 Nhf6 14. f3 e5
15. d5 Qc8 16. Qg5 Ba6 17. Bb3 Qc7 18. a3 c4 19. Ba2 Qd8 20. Ng2 Ne8 21. Qxd8
Rxd8 22. g5 f6 23. h4 fxg5 24. hxg5 Bxh6 25. gxh6 Nef6 26. Re4 Nxe4 27. fxe4
Nc5 28. b4 Nd7 29. b5 Bb7 30. Bxc4 Rf2 31. Ne3 Rh2 32. Ng4 Rh4 33. Rg1 Rf8 34.
Ne2 Nf6 35. Nxf6+ Rxf6 36. Ng3 Rxh6 37. Bb3 Bc8 38. c4 Rh3 39. Ne2 Rxb3 40. a4
Ra3 41. Kb2 Rd3 42. Kc2 Re3 43. Nc3 Rf2+ 44. Kb3 Rd2 45. Rc1 Rf3 46. Rc2 Rff2
47. Rxd2 Rxd2 48. Nb1 Rd3+ 49. Kc2 Rg3 50. Nd2 h5 51. Nf1 Rg5 52. Kd2 Rg2+ 53.
Ke3 h4 54. Kf3 Rg5 55. c5 h3 56. Ng3 Kh7 57. cxd6 Bd7 58. Nh1 Rg1 59. Ng3 h2
60. Kf2 Rxg3 61. Kxg3 h1=Q 62. a5 Qf1 63. axb6 axb6 0-1